LDR 01112nam a2200265 4500 001 000000363550 003 CaOOAMICUS 005 20250715115234.0 008 250711s2025 it a 000 u ita r 020 $a979-12-81351-63-9 040 $aSeMil$bita 100 1 $aRagozzino, Angela,$d<1956- >.$0(OLS)http://semarc/name/122409 245 10$aC'è ancora speranza :$b[poesie e immagini]$cAngela Ragozzino ; [prefazione di Michele Miano]. 264 1$aMilano :$bGuido Miano,$c2025. 300 $a79 p. :$bill. ;$c24 cm 490 1 $aParallelismo delle Arti 700 1 $aMiano, Michele.$0(OLS)http://semarc/name/122410 830 0$aParallelismo delle Arti.$0(OLS)http://semarc/title/454791 850 $aSeMil 852 $aSeMil$W1$xVenegono$y1$m1A IV 9$j259709$B254453$CSeMilBibl$Z2$F254453 $81 961 $aOmaggio editore 996 $6020$a979-12-81351-63-9$9(OLS)http://semarc/number/303623 996 $6245$aC'è ancora speranza :$b[poesie e immagini]$9(OLS)http://semarc/title/454789 996 $6264$aMilano :$bGuido Miano$9(OLS)http://semarc/publisher/35316